[Event "Banfield Bolbochan Memorial 3rd"]
[Site "Banfield"]
[Date "2011.08.29"]
[Round "1"]
[White "Saldano Dayer, Horacio"]
[Black "Meza, Hugo"]
[Result "1-0"]
[WhiteElo "2428"]
[BlackElo "2288"]
[PlyCount "41"]
[EventDate "2011.08.29"]
[EventType "tourn"]
[EventRounds "9"]
[EventCountry "ARG"]
[EventCategory "3"]
[SourceTitle "CBM 144 Extra"]
[Source "ChessBase"]
[SourceDate "2011.10.28"]
[SourceVersion "1"]
[SourceVersionDate "2011.10.28"]
[SourceQuality "1"]

1. e4 e6 2. d4 d5 3. Nd2 Nf6 4. e5 Nfd7 5. Bd3 c5 6. c3 Nc6 7. Ngf3 cxd4 8. cxd4 Be7 9. 0-0 0-0 10. Re1 f6 11. exf6 Bxf6 12. Rxe6 Nb6 13. Re1 Nxd4 14. Nxd4 Bxd4 15. Nf3 Bf6 16. h3 Qd6 17. Ng5 Bxg5 18. Bxg5 Bd7 19. Be7 Qf4 20. Bxf8 Rxf8 21. Qh5 1-0

[Event "Lanus Bicentenario"]
[Site "Lanus"]
[Date "2010.04.12"]
[Round "1"]
[White "Barrionuevo, Pablo"]
[Black "Meza, Hugo"]
[Result "1-0"]
[WhiteElo "2327"]
[BlackElo "2313"]
[PlyCount "77"]
[EventDate "2010.04.12"]
[EventType "tourn"]
[EventRounds "9"]
[EventCountry "ARG"]
[EventCategory "4"]
[SourceTitle "EXT 2011"]
[Source "ChessBase"]
[SourceDate "2010.11.26"]
[SourceVersion "1"]
[SourceVersionDate "2010.11.26"]
[SourceQuality "1"]

1. d4 Nf6 2. Bg5 e6 3. e4 h6 4. Bxf6 Qxf6 5. c3 d6 6. Nd2 Be7 7. Bd3 e5 8. d5 c6 9. c4 0-0 10. Ne2 Qg6 11. Ng3 Bh4 12. Nf3 Bxg3 13. hxg3 Bg4 14. Qd2 Bxf3 15. gxf3 Nd7 16. Rc1 Qf6 17. Ke2 a5 18. Rh5 Rfd8 19. Rc3 Nc5 20. Bb1 Qg6 21. Rh4 Rdc8 22. Rc1 b5 23. cxb5 cxb5 24. Rch1 Kf8 25. Rg4 Qf6 26. f4 exf4 27. Rxf4 Qe5 28. b3 g5 29. Rg4 f5 30. f4 Qe7 31. Qd4 fxg4 32. Rxh6 Qg7 33. Rf6+ Kg8 34. e5 Kh8 35. e6 gxf4 36. Rh6+ Kg8 37. Rg6 Ra7 38. Rxg7+ Rxg7 39. Qxf4 1-0

[Event "Wch U20"]
[Site "Puerto Madryn"]
[Date "2009.10.27"]
[Round "7"]
[White "Meza, Hugo"]
[Black "Morales, Ramon Alejandro"]
[Result "1-0"]
[WhiteElo "2276"]
[BlackElo "1941"]
[PlyCount "45"]
[EventDate "2009.10.22"]
[EventType "swiss"]
[EventRounds "13"]
[EventCountry "ARG"]
[SourceTitle "EXT 2010"]
[Source "ChessBase"]
[SourceDate "2010.11.25"]
[SourceVersion "1"]
[SourceVersionDate "2010.11.25"]
[SourceQuality "1"]

1. d4 Nf6 2. c4 g6 3. Nc3 Bg7 4. e4 d6 5. f4 0-0 6. Nf3 c5 7. d5 Na6 8. Be2 Nc7 9. 0-0 Rb8 10. Qe1 a6 11. a4 b5 12. e5 Nfe8 13. Qh4 bxc4 14. Bxc4 a5 15. Rd1 Na6 16. e6 f6 17. f5 Rb4 18. b3 gxf5 19. Bf4 Rxc4 20. bxc4 Nb4 21. Qg3 Kh8 22. Nh4 Rg8 23. Ng6+ 1-0

[Event "Wch U20"]
[Site "Puerto Madryn"]
[Date "2009.10.23"]
[Round "3"]
[White "Meza, Hugo"]
[Black "Gundavaa, Bayarsaihan"]
[Result "0-1"]
[WhiteElo "2276"]
[BlackElo "2477"]
[PlyCount "58"]
[EventDate "2009.10.22"]
[EventType "swiss"]
[EventRounds "13"]
[EventCountry "ARG"]
[SourceTitle "EXT 2010"]
[Source "ChessBase"]
[SourceDate "2010.11.25"]
[SourceVersion "1"]
[SourceVersionDate "2010.11.25"]
[SourceQuality "1"]

1. d4 Nf6 2. c4 e6 3. Nc3 Bb4 4. e3 0-0 5. Nge2 d5 6. a3 Be7 7. cxd5 exd5 8. Nf4 c6 9. Bd3 Nbd7 10. 0-0 Re8 11. b4 a6 12. Qc2 Bd6 13. Nfe2 Nf8 14. f3 a5 15. Rb1 axb4 16. axb4 Bc7 17. e4 dxe4 18. fxe4 Bb6 19. Kh1 Bxd4 20. Nxd4 Qxd4 21. Ne2 Qd7 22. Ng3 Ng4 23. Nf5 Ng6 24. b5 Qc7 25. g3 Be6 26. b6 Qd8 27. Rd1 Bxf5 28. exf5 Qd5+ 29. Kg1 N6e5 0-1

[Event "Wch U20"]
[Site "Puerto Madryn"]
[Date "2009.10.22"]
[Round "1"]
[White "Meza, Hugo"]
[Black "Brunello, Sabino"]
[Result "1-0"]
[WhiteElo "2276"]
[BlackElo "2533"]
[PlyCount "55"]
[EventDate "2009.10.22"]
[EventType "swiss"]
[EventRounds "13"]
[EventCountry "ARG"]
[SourceTitle "EXT 2010"]
[Source "ChessBase"]
[SourceDate "2010.11.25"]
[SourceVersion "1"]
[SourceVersionDate "2010.11.25"]
[SourceQuality "1"]

1. d4 Nf6 2. c4 e6 3. Nc3 Bb4 4. e3 0-0 5. Nge2 d5 6. a3 Be7 7. cxd5 exd5 8. Nf4 Re8 9. Bd3 a5 10. 0-0 g6 11. Qc2 c6 12. f3 c5 13. dxc5 Bxc5 14. Rd1 Rxe3 15. Kh1 Re5 16. Ncxd5 Nbd7 17. Nxf6+ Qxf6 18. Be4 Bd6 19. Be3 Bc5 20. Bd2 Bd4 21. Nd5 Rxd5 22. Bxd5 Bxb2 23. Rab1 Be5 24. f4 Bd6 25. Qc4 Nc5 26. Be3 Ne6 27. Bxe6 Bxe6 28. Rxd6 1-0

[Event "Pan American-ch U20"]
[Site "Montevideo"]
[Date "2009.10.10"]
[Round "6"]
[White "Mamani, Joan Franco"]
[Black "Meza, Hugo"]
[Result "1-0"]
[WhiteElo "2060"]
[BlackElo "2276"]
[PlyCount "135"]
[EventDate "2009.10.06"]
[EventType "swiss"]
[EventRounds "9"]
[EventCountry "URU"]
[SourceTitle "CBM 132 Extra"]
[Source "ChessBase"]
[SourceDate "2009.11.03"]
[SourceVersion "1"]
[SourceVersionDate "2009.11.03"]
[SourceQuality "1"]

1. e4 c5 2. Nf3 Nc6 3. g3 g6 4. d4 cxd4 5. Nxd4 Bg7 6. Ne2 Nf6 7. Bg2 0-0 8. 0-0 d6 9. Nbc3 Bd7 10. h3 Rc8 11. Be3 Na5 12. b3 b5 13. Rc1 a6 14. Qd2 Nc6 15. Nd5 Nxd5 16. exd5 Na5 17. Nd4 Nb7 18. Rfe1 Re8 19. c3 Nc5 20. c4 b4 21. Re2 a5 22. Rb1 e5 23. dxe6 fxe6 24. Rd1 e5 25. Nc2 Bf8 26. Bg5 Qc7 27. Ne3 Be6 28. Nd5 Bxd5 29. Bxd5+ Kh8 30. Bg2 Be7 31. Be3 Ne6 32. Bd5 Ng7 33. g4 Rb8 34. f3 Bf6 35. Qe1 Qe7 36. Red2 Red8 37. Rd3 Bg5 38. Bf2 Bf4 39. Kg2 g5 40. Qg1 Rf8 41. Be4 Rf6 42. c5 dxc5 43. Bxc5 Qf7 44. Rd7 Qg8 45. Ra7 Qc8 46. Rdd7 Ne6 47. Rxh7+ Kg8 48. Bd5 Rg6 49. Rac7 Qa6 50. Bc4 e4 51. Bxa6 exf3+ 52. Kxf3 Nxc7 53. Rxc7 Bxc7 54. Bc4+ Kg7 55. Qa1+ Kh6 56. Bf7 Rc6 57. Qd4 Rd8 58. Bd5 Rg6 59. Be7 Rc8 60. Bf7 Bb6 61. Qe5 Rc3+ 62. Kg2 Rc2+ 63. Kf1 Rf2+ 64. Ke1 Rg7 65. Bxg5+ Kh7 66. Bd5 Rf8 67. Be4+ Kg8 68. Qe6+ 1-0

[Event "Pan American-ch U20"]
[Site "Montevideo"]
[Date "2009.10.07"]
[Round "3"]
[White "Meza, Hugo"]
[Black "Carbone, Diego"]
[Result "1-0"]
[WhiteElo "2276"]
[BlackElo "1912"]
[PlyCount "69"]
[EventDate "2009.10.06"]
[EventType "swiss"]
[EventRounds "9"]
[EventCountry "URU"]
[SourceTitle "CBM 132 Extra"]
[Source "ChessBase"]
[SourceDate "2009.11.03"]
[SourceVersion "1"]
[SourceVersionDate "2009.11.03"]
[SourceQuality "1"]

1. d4 Nf6 2. Bg5 Ne4 3. Bf4 c5 4. f3 Qa5+ 5. c3 Nf6 6. Nd2 cxd4 7. Nb3 Qb6 8. Qxd4 Nc6 9. Qxb6 axb6 10. Be3 b5 11. a3 d5 12. Bf2 Na5 13. Nxa5 Rxa5 14. e4 dxe4 15. fxe4 Nxe4 16. Bb6 Ra8 17. Bxb5+ Bd7 18. Bxd7+ Kxd7 19. 0-0-0+ Kc6 20. Be3 e5 21. Ne2 Be7 22. Kc2 f5 23. Rhf1 Rhf8 24. c4 Rad8 25. Rxd8 Bxd8 26. b4 g5 27. Kd3 Nd6 28. c5 e4+ 29. Kc3 Nb5+ 30. Kb3 f4 31. a4 Nc7 32. Rd1 Be7 33. b5+ Nxb5 34. axb5+ Kxb5 35. Nd4+ 1-0

[Event "Pan American-ch U20"]
[Site "Montevideo"]
[Date "2009.10.07"]
[Round "2"]
[White "Uribe Arteaga, Daniel"]
[Black "Meza, Hugo"]
[Result "1-0"]
[WhiteElo "2264"]
[BlackElo "2276"]
[PlyCount "47"]
[EventDate "2009.10.06"]
[EventType "swiss"]
[EventRounds "9"]
[EventCountry "URU"]
[SourceTitle "CBM 132 Extra"]
[Source "ChessBase"]
[SourceDate "2009.11.03"]
[SourceVersion "1"]
[SourceVersionDate "2009.11.03"]
[SourceQuality "1"]

1. e4 c5 2. Nf3 g6 3. d4 Bg7 4. Nc3 cxd4 5. Nxd4 Nc6 6. Be3 Nf6 7. Nxc6 bxc6 8. e5 Nd5 9. Nxd5 cxd5 10. Qxd5 Rb8 11. Bxa7 Rxb2 12. Bd4 Rxc2 13. Bd3 e6 14. Qa8 Rc6 15. Bb5 Ra6 16. Bxa6 Qa5+ 17. Kf1 0-0 18. Qa7 Bxa6+ 19. Kg1 Rc8 20. h4 h5 21. Rb1 Rc2 22. Rh3 Rxa2 23. Qxd7 Rd2 24. Rf3 1-0

[Event "Pan American-ch U20"]
[Site "Montevideo"]
[Date "2009.10.06"]
[Round "1"]
[White "Meza, Hugo"]
[Black "Hurtado Bahamonde, Matias"]
[Result "1/2-1/2"]
[WhiteElo "2276"]
[BlackElo "1920"]
[PlyCount "73"]
[EventDate "2009.10.06"]
[EventType "swiss"]
[EventRounds "9"]
[EventCountry "URU"]
[SourceTitle "CBM 132 Extra"]
[Source "ChessBase"]
[SourceDate "2009.11.03"]
[SourceVersion "1"]
[SourceVersionDate "2009.11.03"]
[SourceQuality "1"]

1. d4 d5 2. c4 c6 3. cxd5 cxd5 4. Bf4 Nc6 5. Nc3 Nf6 6. e3 a6 7. Bd3 e6 8. Rc1 Bd6 9. Bxd6 Qxd6 10. f4 Bd7 11. Nf3 Ng4 12. Qe2 f5 13. 0-0 0-0 14. a3 Rab8 15. h3 Nf6 16. g4 g6 17. Ne5 Be8 18. Nb1 Ne4 19. Bxe4 fxe4 20. b4 Nxe5 21. fxe5 Qe7 22. Rxf8+ Qxf8 23. Rf1 Qh6 24. Qf2 Rc8 25. Kh2 Rc7 26. Qf6 Rc2+ 27. Rf2 Rxf2+ 28. Qxf2 Qf8 29. Qg2 g5 30. Nd2 Bb5 31. Nb3 Bf1 32. Qg3 b6 33. Nd2 Bb5 34. Kg2 a5 35. Qf2 axb4 36. Qxf8+ Kxf8 37. axb4 1/2-1/2

[Event "ARG-ch sf 84th"]
[Site "La Plata"]
[Date "2009.05.06"]
[Round "9"]
[White "Cuberli, Emiliano"]
[Black "Meza, Hugo"]
[Result "1-0"]
[WhiteElo "2147"]
[BlackElo "2318"]
[PlyCount "77"]
[EventDate "2009.04.30"]
[EventType "swiss"]
[EventRounds "9"]
[EventCountry "ARG"]
[SourceTitle "CBM 130 Extra"]
[Source "ChessBase"]
[SourceDate "2009.07.02"]
[SourceVersion "2"]
[SourceVersionDate "2009.07.15"]
[SourceQuality "1"]

1. e4 c5 2. Nf3 g6 3. Bc4 Bg7 4. d3 Nc6 5. h4 h6 6. Nc3 d6 7. Be3 Bg4 8. Qd2 Bxf3 9. gxf3 Ne5 10. Bb5+ Kf8 11. Qe2 Qa5 12. Bd2 a6 13. Bc4 Nxc4 14. dxc4 Qb4 15. Nd1 Qb6 16. h5 g5 17. f4 gxf4 18. Bxf4 Nf6 19. c3 Qc6 20. f3 b5 21. Ne3 b4 22. Nf5 bxc3 23. b3 c2 24. Rc1 Ne8 25. Qd2 e6 26. Nxg7 Kxg7 27. Rg1+ Kf8 28. Bxh6+ Ke7 29. Rxc2 f6 30. Rg6 Ra7 31. Qf4 Qb6 32. Rcg2 Rh7 33. Qg4 a5 34. Bd2 a4 35. Rg8 Qb8 36. Qg6 Rf7 37. h6 axb3 38. axb3 Qxb3 39. h7 1-0

[Event "ARG-ch sf 84th"]
[Site "La Plata"]
[Date "2009.05.02"]
[Round "5"]
[White "Iermito, Sebastian"]
[Black "Meza, Hugo"]
[Result "1-0"]
[WhiteElo "2431"]
[BlackElo "2318"]
[PlyCount "73"]
[EventDate "2009.04.30"]
[EventType "swiss"]
[EventRounds "9"]
[EventCountry "ARG"]
[SourceTitle "CBM 130 Extra"]
[Source "ChessBase"]
[SourceDate "2009.07.02"]
[SourceVersion "2"]
[SourceVersionDate "2009.07.15"]
[SourceQuality "1"]

1. e4 c5 2. Nf3 Nc6 3. d4 cxd4 4. Nxd4 g6 5. c4 Bg7 6. Be3 d6 7. Nc3 Nh6 8. Be2 0-0 9. 0-0 f5 10. exf5 Bxd4 11. Bxh6 Rxf5 12. Bf3 Bg7 13. Bxg7 Kxg7 14. Bg4 Rf7 15. b3 Bf5 16. Bxf5 Rxf5 17. Nd5 Qd7 18. Qd2 Raf8 19. Rad1 Qe8 20. f4 Qd7 21. Rfe1 R5f7 22. Re2 a5 23. Rde1 e5 24. fxe5 dxe5 25. h3 Qf5 26. a3 Nd4 27. Rxe5 Nxb3 28. Qc3 Qf2+ 29. Kh2 a4 30. R5e4+ Kg8 31. Ne7+ Rxe7 32. Rxe7 Nd4 33. Re8 Rxe8 34. Rxe8+ Kf7 35. Re4 Ne2 36. Qf3+ Qxf3 37. gxf3 1-0

[Event "Buenos Aires Proyeccion U20"]
[Site "Buenos Aires"]
[Date "2009.03.29"]
[Round "7"]
[White "Della Morte, German"]
[Black "Meza, Hugo"]
[Result "1/2-1/2"]
[WhiteElo "2383"]
[BlackElo "2318"]
[PlyCount "53"]
[EventDate "2009.03.25"]
[EventType "tourn"]
[EventRounds "9"]
[EventCountry "ARG"]
[EventCategory "3"]
[SourceTitle "CBM 129 Extra"]
[Source "ChessBase"]
[SourceDate "2009.05.05"]
[SourceVersion "2"]
[SourceVersionDate "2009.05.20"]
[SourceQuality "1"]

1. e4 c5 2. Nf3 g6 3. d4 Bg7 4. c4 Qa5+ 5. Nc3 Nc6 6. d5 Nd4 7. Bd2 Nxf3+ 8. Qxf3 d6 9. Bd3 Nf6 10. 0-0 0-0 11. h3 e6 12. Bf4 e5 13. Bg5 Nd7 14. Nb5 f6 15. Be3 Qb6 16. a4 a5 17. g4 Ra6 18. Qg3 g5 19. h4 h6 20. Kg2 Rf7 21. Rh1 Nf8 22. h5 Qd8 23. f3 Ra8 24. Qf2 b6 25. Nc3 Nd7 26. Ra3 Nb8 27. b3 1/2-1/2

[Event "Berazategui Cup 3rd"]
[Site "Berazategui"]
[Date "2008.05.03"]
[Round "4"]
[White "Meza, Hugo"]
[Black "Perdomo, Carlos Andres"]
[Result "0-1"]
[WhiteElo "2257"]
[BlackElo "2353"]
[PlyCount "72"]
[EventDate "2008.05.01"]
[EventType "swiss"]
[EventRounds "9"]
[EventCountry "ARG"]
[SourceTitle "CBM 124 Extra"]
[Source "ChessBase"]
[SourceDate "2008.07.03"]
[SourceVersion "1"]
[SourceVersionDate "2008.07.03"]
[SourceQuality "1"]

1. d4 Nf6 2. Bg5 e6 3. e3 c5 4. c3 h6 5. Bh4 b6 6. Be2 Bb7 7. Bf3 Bxf3 8. Nxf3 d5 9. Ne5 Be7 10. Qa4+ Nfd7 11. Bxe7 Qxe7 12. 0-0 0-0 13. f4 Nxe5 14. fxe5 Nd7 15. Nd2 a6 16. Rf4 b5 17. Qd1 b4 18. e4 bxc3 19. bxc3 Nb6 20. Qg4 cxd4 21. cxd4 Qb4 22. Nf3 Rac8 23. Qg3 Qb2 24. Re1 Rc1 25. exd5 Nxd5 26. Rg4 Ne3 27. Re4 Nf5 28. Qf2 Rc2 29. R4e2 Rfc8 30. d5 exd5 31. g4 Ne7 32. Nd4 Rxe2 33. Rxe2 Qc1+ 34. Kg2 Ng6 35. Re1 Qg5 36. h3 Nf4+ 0-1

[Event "LNA Puma Cup"]
[Site "Argentina"]
[Date "2006.10.21"]
[Round "8"]
[White "Meza, Hugo"]
[Black "Villanueva, Mario Nicolas"]
[Result "1/2-1/2"]
[WhiteElo "2139"]
[BlackElo "2251"]
[PlyCount "34"]
[EventDate "2006.09.03"]
[EventType "swiss"]
[EventRounds "8"]
[EventCountry "ARG"]
[SourceTitle "EXT 2008"]
[Source "ChessBase"]
[SourceDate "2007.11.25"]
[SourceVersion "1"]
[SourceVersionDate "2007.11.25"]
[SourceQuality "1"]

1. d4 g6 2. c4 Nf6 3. Nc3 Bg7 4. e4 d6 5. Nf3 0-0 6. Be2 e5 7. 0-0 exd4 8. Nxd4 Re8 9. f3 Nc6 10. Be3 Nh5 11. Qd2 f5 12. Nxc6 bxc6 13. c5 d5 14. exd5 Bxc3 15. bxc3 Qe7 16. Kf2 Qh4+ 17. Kg1 Qe7 1/2-1/2

[Event "Villa Martelli op"]
[Site "Villa Martelli"]
[Date "2006.??.??"]
[Round "2"]
[White "Lupi, Pablo Cesar"]
[Black "Meza, Hugo"]
[Result "1-0"]
[WhiteElo "2065"]
[BlackElo "2135"]
[PlyCount "75"]
[EventDate "2006.07.??"]
[EventType "swiss"]
[EventRounds "9"]
[EventCountry "ARG"]
[SourceTitle "EXT 2008"]
[Source "ChessBase"]
[SourceDate "2007.11.25"]
[SourceVersion "1"]
[SourceVersionDate "2007.11.25"]
[SourceQuality "1"]

1. e4 c5 2. Nf3 Nc6 3. d4 cxd4 4. Nxd4 g6 5. c4 Bg7 6. Be3 Nf6 7. Nc3 Ng4 8. Qxg4 Nxd4 9. Qd1 Ne6 10. Rc1 Qa5 11. Qd2 b6 12. Be2 Bb7 13. f3 f5 14. exf5 gxf5 15. a3 f4 16. Bxf4 Qh5 17. Nd5 Bxd5 18. cxd5 Nxf4 19. Qxf4 Bxb2 20. Rd1 Bxa3 21. d6 e6 22. Qf6 Qa5+ 23. Kf1 Bxd6 24. Qxh8+ Bf8 25. Qxh7 0-0-0 26. Qd3 Kb8 27. Qb5 Qc3 28. g3 Bc5 29. Kg2 Qe3 30. Rhf1 d5 31. Qd3 Qh6 32. Rh1 Rg8 33. Rdf1 Bd6 34. Qd4 Rh8 35. h4 Rg8 36. f4 Qg6 37. Rf3 Kb7 38. f5 1-0